000 00465nam a22001697a 4500
005 20251108165439.0
008 250721s1970 xx 000 0 ara d
082 1 4 _a954/محم
100 1 _aالندوي، محمد إسماعيل
245 1 0 _aالهند القديمة /
264 1 _aالقاهره :
_bدار الشعب،
_c1970.
300 _a308ص : مص
650 1 7 _aالهند
650 1 7 _aتاريخ الهند
942 _2ddc
_cBK
999 _c28149
_d28149